000
00344 a2200169 4500
001
183216
020
_a
040
_c
Magnum
100
_a
Queiroz, Rachel de
240
1
0
_a
As três Marias
_l
por
245
1
0
_a
As três Marias
300
_a
111
362
0
_a
1987
440
1
_a
José Olympio
697
_a
LITERATURA GERAL
942
_c
BK
999
_c
183216
_d
183216